<?xml version="1.0" encoding="UTF-8"?>
<record
    xmlns:xsi="http://www.w3.org/2001/XMLSchema-instance"
    xsi:schemaLocation="http://www.loc.gov/MARC21/slim http://www.loc.gov/standards/marcxml/schema/MARC21slim.xsd"
    xmlns="http://www.loc.gov/MARC21/slim">

  <leader>00940nam a22002891a 4500</leader>
  <controlfield tag="001">2930168</controlfield>
  <controlfield tag="005">20110718133546.0</controlfield>
  <controlfield tag="008">970417s1981    iv a          000 0 nic d</controlfield>
  <datafield tag="020" ind1=" " ind2=" ">
    <subfield code="a">0564000000</subfield>
  </datafield>
  <datafield tag="035" ind1=" " ind2=" ">
    <subfield code="a">(NIC)notisAPK2078</subfield>
  </datafield>
  <datafield tag="035" ind1=" " ind2=" ">
    <subfield code="a">(OCoLC)28228180</subfield>
  </datafield>
  <datafield tag="035" ind1=" " ind2=" ">
    <subfield code="a">2930168</subfield>
  </datafield>
  <datafield tag="040" ind1=" " ind2=" ">
    <subfield code="a">ZBS</subfield>
    <subfield code="c">ZBS</subfield>
    <subfield code="d">NIC</subfield>
  </datafield>
  <datafield tag="050" ind1=" " ind2="4">
    <subfield code="a">BS 325.B63 1981</subfield>
    <subfield code="b">BS 325.B63 1981</subfield>
  </datafield>
  <datafield tag="100" ind1="1" ind2=" ">
    <subfield code="a">Societe Biblique en Afrique Occidentale.</subfield>
  </datafield>
  <datafield tag="100" ind1="1" ind2=" ">
    <subfield code="a">Alliance Biblique Universelle.</subfield>
  </datafield>
  <datafield tag="130" ind1="0" ind2=" ">
    <subfield code="a">Kya Matigi ko ke na kisita Yesu Krista t.</subfield>
    <subfield code="l">Bobo Fing.</subfield>
    <subfield code="f">1981.</subfield>
  </datafield>
  <datafield tag="245" ind1="1" ind2="0">
    <subfield code="a">Kya Matigi ko ke na kisita Yesu Krista t.</subfield>
  </datafield>
  <datafield tag="260" ind1=" " ind2=" ">
    <subfield code="a">Abidjan :</subfield>
    <subfield code="b">Societe Biblique en Afri,</subfield>
    <subfield code="c">1981.</subfield>
  </datafield>
  <datafield tag="300" ind1=" " ind2=" ">
    <subfield code="a">600 p. : ill. ;</subfield>
  </datafield>
  <datafield tag="500" ind1=" " ind2=" ">
    <subfield code="a">"Le Nouveau Testament en langue Bobo Fing"--T.p. verso.</subfield>
  </datafield>
  <datafield tag="600" ind1="1" ind2="0">
    <subfield code="a">Bobo Fing language - Texts.</subfield>
  </datafield>
  <datafield tag="600" ind1="1" ind2="0">
    <subfield code="a">Bible. N.T. Bobo Fing. 1981.</subfield>
  </datafield>
  <datafield tag="650" ind1=" " ind2="0">
    <subfield code="v">Texts.</subfield>
  </datafield>
  <datafield tag="948" ind1="1" ind2=" ">
    <subfield code="a">20031111</subfield>
    <subfield code="b">c</subfield>
    <subfield code="d">str1</subfield>
    <subfield code="e">cts</subfield>
  </datafield>
  <datafield tag="999" ind1=" " ind2=" ">
    <subfield code="c">41570</subfield>
    <subfield code="d">41570</subfield>
  </datafield>
  <datafield tag="952" ind1=" " ind2=" ">
    <subfield code="0">0</subfield>
    <subfield code="1">0</subfield>
    <subfield code="2">lcc</subfield>
    <subfield code="4">0</subfield>
    <subfield code="7">0</subfield>
    <subfield code="8">REF</subfield>
    <subfield code="a">CPL</subfield>
    <subfield code="b">CPL</subfield>
    <subfield code="c">REF</subfield>
    <subfield code="d">2010-02-05</subfield>
    <subfield code="g">4.00</subfield>
    <subfield code="o">REF BS 325.B63 1981 </subfield>
    <subfield code="p">R49032W3232</subfield>
    <subfield code="r">2023-10-25 17:07:40</subfield>
    <subfield code="w">2010-02-05</subfield>
    <subfield code="y">AFR(R)</subfield>
  </datafield>
</record>
